UM Logo

Cultureshock! Philippines : (Record no. 13831)

MARC details
000 -LEADER
fixed length control field 00704nam a22001817a 4500
008 - FIXED-LENGTH DATA ELEMENTS--GENERAL INFORMATION
fixed length control field 190423b ||||| |||| 00| 0 eng d
020 ## - INTERNATIONAL STANDARD BOOK NUMBER
International Standard Book Number 9789814634908
082 ## - DEWEY DECIMAL CLASSIFICATION NUMBER
Edition number 2013
Classification number AV-Eb 915.99042
Item number R671
100 ## - MAIN ENTRY--PERSONAL NAME
Personal name Roces, Alfredo.
9 (RLIN) 38458
245 ## - TITLE STATEMENT
Title Cultureshock! Philippines :
Remainder of title a survival guide to customs and etiquette /
Statement of responsibility, etc. Alfredo Roces and Grace Roces.
260 ## - PUBLICATION, DISTRIBUTION, ETC. (IMPRINT)
Name of publisher, distributor, etc. Marshall Cavendish International (Asia) Private Limited,
Date of publication, distribution, etc. ©2013.
300 ## - PHYSICAL DESCRIPTION
Extent 353 pages;
500 ## - GENERAL NOTE
General note Includes index.
650 ## - SUBJECT ADDED ENTRY--TOPICAL TERM
Topical term or geographic name as entry element Multiple stars -- Observations.
9 (RLIN) 38459
700 ## - ADDED ENTRY--PERSONAL NAME
Personal name Roces, Grace.
9 (RLIN) 38460
856 ## - ELECTRONIC LOCATION AND ACCESS
Link text https://ebookcentral.proquest.com/lib/uniofmindanao-ebooks/detail.action?docID=1783861
942 ## - ADDED ENTRY ELEMENTS (KOHA)
Source of classification or shelving scheme Dewey Decimal Classification
Koha item type Ebooks
Holdings
Withdrawn status Lost status Source of classification or shelving scheme Damaged status Not for loan Home library Current library Shelving location Date acquired Source of acquisition Total Checkouts Full call number Barcode Date last seen Copy number Price effective from Koha item type
    Dewey Decimal Classification     UM Digos College - LIC UM Digos College - LIC On Display 04/23/2019 Downloaded   AV-Eb 915.99042 R671 Eb194 04/23/2019 1 04/23/2019 Ebooks